Made in Japan (Record no. 72402)
[ view plain ]
| 000 -LEADER | |
|---|---|
| fixed length control field | 01543cam a2200265 4500 |
| 001 - CONTROL NUMBER | |
| control field | ABS66494 |
| 008 - FIXED-LENGTH DATA ELEMENTS--GENERAL INFORMATION | |
| fixed length control field | 030401n2003 000 0 eng u |
| 035 ## - SYSTEM CONTROL NUMBER | |
| System control number | (Sirsi) u121842 |
| 100 ## - MAIN ENTRY--PERSONAL NAME | |
| Personal name | Arthur, R. |
| 245 ## - TITLE STATEMENT | |
| Title | Made in Japan |
| 260 ## - PUBLICATION, DISTRIBUTION, ETC. | |
| Date of publication, distribution, etc. | 2003 |
| 490 ## - SERIES STATEMENT | |
| Series statement | Inside Housing |
| Volume/sequential designation | 20(11) 21 March 2003, 18-19(2) |
| 520 ## - SUMMARY, ETC. | |
| Summary, etc. | Examines the outstanding record of house building in Japan. Japan builds more houses, more quickly and is improving its housing stock much faster than Britain. Only 7% of its housing stock is publicly owned with about a quarter privately rented and two-thirds owner-occupied. Focuses on infrastructure issues such as population density and the post-war need to rebuild from scratch. Also looks at financial factors such as very low interest rates, 100% mortgages and massive infrastructure spending and considers innovation in house building techniques and the use of materials including the extensive market for complete off-site house manufacture. Concludes that unlike in Britain, in Japan there is a shared goal to produce land, loans and new types of housing to make it easy for the individual to commit to a new home. Table showing comparative Japan and UK housing starts 1997-2001. |
| 590 ## - LOCAL NOTE (RLIN) | |
| Local note | ABS |
| 650 ## - SUBJECT ADDED ENTRY--TOPICAL TERM | |
| Topical term or geographic name entry element | HOUSING STOCK |
| 650 ## - SUBJECT ADDED ENTRY--TOPICAL TERM | |
| Topical term or geographic name entry element | MORTGAGES |
| 650 ## - SUBJECT ADDED ENTRY--TOPICAL TERM | |
| Topical term or geographic name entry element | KIT HOUSES |
| 650 ## - SUBJECT ADDED ENTRY--TOPICAL TERM | |
| Topical term or geographic name entry element | OFF-SITE MANUFACTURING |
| 650 ## - SUBJECT ADDED ENTRY--TOPICAL TERM | |
| Topical term or geographic name entry element | PREFABRICATED HOUSING |
| 650 ## - SUBJECT ADDED ENTRY--TOPICAL TERM | |
| Topical term or geographic name entry element | PREFABRICATION |
| 650 ## - SUBJECT ADDED ENTRY--TOPICAL TERM | |
| Topical term or geographic name entry element | UNITED KINGDOM |
| 650 ## - SUBJECT ADDED ENTRY--TOPICAL TERM | |
| Topical term or geographic name entry element | JAPAN |
| 690 ## - LOCAL SUBJECT ADDED ENTRY--TOPICAL TERM (OCLC, RLIN) | |
| Topical term or geographic name as entry element | BUILT ENVIRONMENT-CONSTRUCTION MARKET |
| 942 ## - ADDED ENTRY ELEMENTS (KOHA) | |
| Suppress in OPAC | 0 |
| Withdrawn status | Lost status | Source of classification or shelving scheme | Damaged status | Not for loan | Home library | Current library | Shelving location | Date acquired | Total Checkouts | Full call number | Barcode | Date last seen | Copy number | Price effective from | Koha item type |
|---|---|---|---|---|---|---|---|---|---|---|---|---|---|---|---|
| Dewey Decimal Classification | London | London | Journal article | 01/04/2003 | ABS66494 | 121842-1001 | 06/08/2019 | 1 | 06/08/2019 | Journal article |